000 00682nam a22002534a 4500
001 UByD003371
003 AR-LpoUNG
005 20250404135132.0
008 241121s2012 ag j 000 1 spa d
020 _a9789876420037
040 _aAR-LpoUNG
_bspa
_cAR-LpoUNG
_eaacr
041 0 _aspa
082 0 _a808.068 3 531ult
100 1 _aGisbert, Joan Manuel
245 1 3 _aEl último enigma
250 _a1ra. ed., 2da. reimpr.
260 _aBuenos Aires :
_bEdelvives,
_c2012.
300 _a153 p.
505 _aSugerido a partir de 12 años (etiqueta FUCSIA).
650 4 _aLITERATURA
650 4 _aNARRATIVA
653 0 _aLITERATURA INFANTOJUVENIL
942 _2ddc
_cLIB
999 _c66047
_d66047